Návrh výmeny riadiaceho a ovládacieho systému stroja na výrobu lamiel chladiča

Saved in:
Bibliographic Details
Main Author: Lagin, Ondrej (Author)
Other Authors: Ružarovský, Roman (Thesis advisor)
Format: Manuscript Book
Language:Slovak
Published: 2024
Subjects:
Online Access:http://is.stuba.sk/zp/portal_zp.pl?podrobnosti=171166
Tags: Add Tag
No Tags, Be the first to tag this record!

MARC

LEADER 00000ntm a22000003a 4500
001 stuzp93830
003 SK-STU
005 20240608210411.8
007 ta
008 150427s2015----xo-----f-mn---000-0-slo-d
040 |a STU  |b slo 
041 0 |a slo 
100 1 |a Lagin, Ondrej  |u 063000  |k Z4  |4 aut  |U MTF Materiálovotechnologická fakulta  |T MTF Ústav výrobných technológií  |X 99566  |U M3000  |Y 83  |7 99566 
242 0 1 |a Design of the replacement of the control and operating system of the machine for the production of radiator blades  |y eng 
245 1 0 |a Návrh výmeny riadiaceho a ovládacieho systému stroja na výrobu lamiel chladiča 
260 |c 2024 
650 4 |a HMI  |2 slo 
650 4 |a TIA Portal  |2 slo 
650 4 |a PLC  |2 slo 
650 4 |a PLC  |2 eng 
650 4 |a HMI  |2 eng 
650 4 |a TIA Portal  |2 eng 
700 1 |a Ružarovský, Roman  |u 063800  |k Z1  |4 ths  |U MTF Ústav výrobných technológií  |T MTF Katedra výrobných zariadení a systémov  |X 30883  |U M3800  |Y 660  |7 A000030883 
856 4 |u http://is.stuba.sk/zp/portal_zp.pl?podrobnosti=171166 
996 |c M* DP-15371  |l MMSKP  |s P  |a 0  |w stuzp93830_0001